000 00302nam a22001337a 4500
008 171122b xxu||||| |||| 00| 0 eng d
020 _a9781308168920
041 _aeng
080 _23 ED
_a330.122.6
100 _a61
101 _aKON
245 _aFINANCIAL ACCOUTING
_cTHOMAS.H/S
942 _2udc
_cBK
999 _c38287
_d38287